La lengua y el hombre: introducción a los problemas generales de la linguística

محفوظ في:
التفاصيل البيبلوغرافية
المؤلف الرئيسي: Malmberg, Bertil (autor)
التنسيق: كتاب
اللغة:الإسبانية
منشور في: Madrid Ediciones Itmo 1970
سلاسل:Colección Fundamentos, 8
الموضوعات:
الوسوم: إضافة وسم
لا توجد وسوم, كن أول من يضع وسما على هذه التسجيلة!

MARC

LEADER 00000nam a2200000 a 4500
001 UCN5243
003 CL-VaPUC
008 010824e19700000SP |||||||||||||||||spa|d
082 0 4 |a 410  |b MAL  |2 21 
100 |a Malmberg, Bertil  |e autor  |9 469144 
245 1 3 |a La lengua y el hombre: introducción a los problemas generales de la linguística 
300 |a 244 p 
942 |c BK 
945 |d 20010824 00:00:00  |a cmena 
260 |a Madrid  |b Ediciones Itmo  |c 1970 
650 0 |a Lingüística  |9 265068 
650 0 |a Investigación lingüística  |9 329785 
650 0 |a Filosofía del lenguaje  |9 257082 
583 |a last modification  |c 20010824 00:00:00  |k Rodrigo Vera 
490 0 |a Colección Fundamentos, 8 
999 |c 296897  |d 296895 
952 |0 0  |1 0  |4 0  |6 410_000000000000000_MAL_1970  |7 0  |8 A  |9 351179  |a FDOPOS  |b FDOPOS  |d 2019-11-21  |i 3691233  |o 410 MAL 1970  |p 3691233  |r 2025-01-22  |w 2019-11-21  |y BK  |k MLA